000 00387cam a22001217a 4500
008 180718bn.d. xxu||||| |||| 00| 0 eng d
082 _aA81x54 In2/71/16/Pt 3
100 _aCensus of India 1971
245 _aOrissa: establishments report and tables
260 _aDelhi
_bThe Manager of Publications
_cn.d.
300 _a922+p.
440 _aCensus of India 1971. Series-16, Orissa. Part III
999 _c485428
_d485428